00767nam a22001697a 4500003000900000008004100009040007100050082002600121100002400147245004600171260004200217300002700259505024200286650002300528650002500551650002100576AR-CdUCM190508b ||||| |||| 00| 0 spa d aMUNICIPALIDAD PROVINCIAL DEL CUSCOcBIBLIOTECA MUNICIPAL DEL CUSCO 216ed.a330.98 /b G14 aGaleano, Eduardo H. aLas venas abiertas de América Latina /  aColombia : bSiglo veinti uno,c1977. a426 paginas ; c19 cm. aContenido :La pobreza del hombre como resultado de la riqueza de la tierra -- Fiebre del oro, fiebre de la plata -- El rey azúcar y otros monarcas agrícolas -- Las fuentes subterráneas del poder -- historia de la muerte temprana... aHistoria economica aCondiciones sociales aAmérica latina